LEADER 02967nam 2200733Ia 450 001 9910454170003321 005 20200520144314.0 010 $a1-351-16098-2 010 $a1-281-89426-5 010 $a9786611894269 010 $a0-7546-9322-8 035 $a(CKB)1000000000578604 035 $a(EBL)438338 035 $a(OCoLC)361573097 035 $a(SSID)ssj0000130786 035 $a(PQKBManifestationID)11152860 035 $a(PQKBTitleCode)TC0000130786 035 $a(PQKBWorkID)10084539 035 $a(PQKB)10405800 035 $a(MiAaPQ)EBC438338 035 $a(PPN)15603848X 035 $a(Au-PeEL)EBL438338 035 $a(CaPaEBR)ebr10263903 035 $a(CaONFJC)MIL189426 035 $a(EXLCZ)991000000000578604 100 $a20080702d2008 uy 0 101 0 $aeng 135 $aur|n|---||||| 181 $ctxt 182 $cc 183 $acr 200 00$aCorporate citizenship, contractarianism and ethical theory$b[electronic resource] $eon philosophical foundations of business ethics /$fedited by Jesu?s Conill, Christoph Luetge, Tatjana Scho?nwa?lder-Kuntze 210 $aFarnham, England ;$aBurlington, VT $cAshgate Pub. Company$dc2008 215 $a1 online resource (207 p.) 225 1 $aLaw, ethics and economics 300 $aDescription based upon print version of record. 311 $a0-7546-7383-9 320 $aIncludes bibliographical references and indexes. 327 $aCover; Contents; List of Figures; List of Contributors; Introduction; PART 1: THEORIZING CORPORATE CITIZENSHIP; PART 2: FOUNDING BUSINESS ETHICS AND (CORPORATE) SOCIAL RESPONSIBILITY; PART 3: REFLECTING THE IMPACT OF ETHICAL THEORY: CONTRACTARIANISM, ETHICS AND ECONOMICS; Name Index; Subject Index 330 $aThis study provides a representation of the broad spectrum of theoretical work on topics related to business ethics, with a particular focus on corporate citizenship. Together, the contributions offer varied philosophical theories in approaches to business ethics. 410 0$aLaw, ethics and economics. 606 $aBusiness ethics 606 $aCorporate governance 606 $aSocial responsibility of business 606 $aCitizenship$xMoral and ethical aspects 606 $aContractarianism (Ethics) 608 $aElectronic books. 615 0$aBusiness ethics. 615 0$aCorporate governance. 615 0$aSocial responsibility of business. 615 0$aCitizenship$xMoral and ethical aspects. 615 0$aContractarianism (Ethics) 676 $a174.4 676 $a174/.4 701 $aConill Sancho$b Jesu?s$f1952-$0969905 701 $aLuetge$b Christoph$f1969-$0969906 701 $aScho?nwa?lder-Kuntze$b Tatjana$0969907 801 0$bMiAaPQ 801 1$bMiAaPQ 801 2$bMiAaPQ 906 $aBOOK 912 $a9910454170003321 996 $aCorporate citizenship, contractarianism and ethical theory$92204755 997 $aUNINA LEADER 01242oam 2200385 450 001 9910707177103321 005 20160422083735.0 035 $a(CKB)5470000002461724 035 $a(OCoLC)947041396 035 $a(OCoLC)995470000002461724 035 $a(EXLCZ)995470000002461724 100 $a20160421d1992 ua 0 101 0 $aeng 135 $aurmn||||||||| 181 $2rdacontent 182 $2rdamedia 183 $2rdacarrier 200 10$aElectronic funds transfer for Medicaid providers 210 1$aWashington, DC :$cDepartment of Health and Human Services, Office of Inspector General,$d1992. 215 $a1 online resource (32 unnumbered pages)$cillustrations 300 $aTitle from title screen (viewed Apr. 20, 2016). 300 $a"June 1992." 300 $a"OEI-01-91-00821." 320 $aIncludes bibliographical references. 606 $aMedicaid$xClaims administration 606 $aElectronic funds transfers 615 0$aMedicaid$xClaims administration. 615 0$aElectronic funds transfers. 801 0$bGPO 801 1$bGPO 801 2$bGPO 906 $aBOOK 912 $a9910707177103321 996 $aElectronic funds transfer for Medicaid providers$93309220 997 $aUNINA LEADER 01778nas 2200409 n 450 001 990009020590403321 005 20240229084335.0 011 $a0030-851X 035 $a000902059 035 $aFED01000902059 035 $a(Aleph)000902059FED01 035 $a000902059 091 $2CNR$aP 00056982 100 $a20161109a19289999km-y0itaa50------ba 101 0 $aeng 102 $aCA 110 $aauu-------- 200 1 $aPacific affairs$eAn international review of the Far East and Pacific Area 207 1$a1928- 210 $aHonolulu - New Uork - Vancouver$cUniversity of British Columbia 452 0$12001$aPacific affairs 530 0 $aPacific affairs 675 $a990 676 $a990 676 $a327 676 $a950 712 02$aInstitute of Pacific Relations 801 0$aIT$bACNP$c20090723 859 4 $uhttp://acnp.cib.unibo.it/cgi-ser/start/it/cnr/dc-p1.tcl?catno=38900&person=false&language=ITALIANO&libr=&libr_th=unina1$zBiblioteche che possiedono il periodico 901 $aSE 912 $a990009020590403321 958 $aBiblioteca della Facoltà di Economia Complesso Universitario Monte S. Angelo- Università degli Studi di Napoli "Federico II"$b1955-1963;1965;1970-$c1983-1984;1999;$eCG. II-C-4 Dep.$fDECBC 959 $aDECBC 996 $aPacific affairs$9790149 997 $aUNINA AP1 8 $6866-01$aNA042 Biblioteca della Facoltà di Economia Complesso Universitario Monte S. Angelo- Università degli Studi di Napoli "Federico II"$bCG. II-C-4 Dep.$evia Cinthia,26, 80126 Napoli (NA)$m081676647-0816782$m081676684$nit AP2 40$aacnp.cib.unibo.it$nACNP Italian Union Catalogue of Serials$uhttp://acnp.cib.unibo.it/cgi-ser/start/it/cnr/df-p.tcl?catno=38900&language=ITALIANO&libr=&person=&B=1&libr_th=unina&proposto=NO